| 000 | 01610cam a22003491i 4500 | ||
|---|---|---|---|
| 003 | OSt | ||
| 005 | 20250428074516.0 | ||
| 008 | 250428s2017 su a g 000 0 ara c | ||
| 040 |
_aSA-JeALM _bara _cSA-RiAUC _erda |
||
| 041 | 0 |
_aara _beng |
|
| 043 | _aa-su--- | ||
| 050 | 4 | _bM43 2017 | |
| 082 | 0 | 4 |
_a252.50953122 _qSA-RiAUC |
| 090 |
_a252.50953122 _b ج ل و |
||
| 100 | 1 |
_aجلون، عدنان بن درويش بن عبد الغني _eمؤلف. |
|
| 245 | 1 | 0 |
_aضيافة الحجاج والزوار في رحاب المدينة المنورة / _cجمع وترتيب وإعداد عدنان بن درويش جلون، مأمون عبد الغني بري. |
| 250 | _aالطبعة الأولى. | ||
| 264 | 1 |
_aالمدينة المنورة : _bعدنان بن درويش بن عبد الغني جلون، _c2017 |
|
| 300 |
_a245 صفحة : _bإيضاحيات ؛ _c24 سم |
||
| 336 |
_aنص _btxt _2rdacontent _3كتاب |
||
| 337 |
_aبدون وسيط _bn _2rdamedia |
||
| 338 |
_aمجلد _bnc _2rdacarrier |
||
| 500 | _aإهداء من المؤلف عدنان جنون بتاريخ 1440/1/24 هـ | ||
| 546 | _aيشتمل على ملخص باللغة الإنجليزية. | ||
| 650 | 7 |
_aالحجاج _xخدمات لـ _zالمدينة المنورة _2aucsh |
|
| 650 | 7 |
_aزيارة المدينة المنورة _2aucsh |
|
| 650 | 7 |
_aالحج (فقه إسلامي) _xمناسك _2aucsh |
|
| 653 | _aالديانات | ||
| 700 | 1 |
_aبري، مأمون بن عبد الغني بن النفتي _eمؤلف. |
|
| 942 |
_2ddc _cBOOK _n0 |
||
| 949 |
_aSA-JeALM _d250428 _umohamedma123 _n1 |
||
| 999 |
_c7432 _d7432 |
||